LEADER 01161nam0-2200373---450 001 990005344440403321 005 20230921112203.0 035 $a000534444 035 $aFED01000534444 035 $a(Aleph)000534444FED01 100 $a19990604d1947----km-y0itay50------ba 101 0 $aita 102 $aIT 105 $ay-------001yy 200 1 $aPer la storia dei municipii fino alla guerra sociale$fEugenio Manni 210 $aRoma$cSignorelli$d1947 215 $aVIII, 260 p.$d26 cm 225 1 $aStudi pubblicati dall'Istituto italiano per la storia antica$v5 610 0 $aMunicipi romani 610 0 $aGuerra sociale <91-88 a. C.> 676 $a937.02 676 $a352.0937$v23$zita 700 1$aManni,$bEugenio$0183170 801 0$aIT$bUNINA$gREICAT$2UNIMARC 901 $aBK 912 $a990005344440403321 952 $aFONDO PROFESSOR ANTONIO GUARINO IV H 34$bG/1133$fFGBC 952 $a352.09 MAN 1$bANT. GR. 753$fFLFBC 952 $a937.02 MAN 1$bARCH. 13236$fFLFBC 952 $aIV H 55$b38878$fFGBC 959 $aFGBC 959 $aFLFBC 996 $aPer la storia dei municipii fino alla guerra sociale$9284291 997 $aUNINA LEADER 02670 am 2200493 n 450 001 9910522586803321 005 20211015 010 $a2-7535-8493-1 024 7 $a10.4000/books.pur.148585 035 $a(CKB)4100000012520263 035 $a(FrMaCLE)OB-pur-148585 035 $a(oapen)https://directory.doabooks.org/handle/20.500.12854/86773 035 $a(PPN)267962401 035 $a(EXLCZ)994100000012520263 100 $a20220209j|||||||| ||| 0 101 0 $afre 135 $auu||||||m|||| 181 $ctxt$2rdacontent 182 $cc$2rdamedia 183 $acr$2rdacarrier 200 13$aLa confiance dans les relations familiales $eRégulation des sorties juvéniles, genre et usages sociaux de psychotropes /$fLudovic Gaussot, Nicolas Palierne 210 $aRennes $cPresses universitaires de Rennes$d2021 215 $a1 online resource (212 p.) 225 1 $aLe sens social 311 $a2-7535-7943-1 330 $aLes consommations de produits psychotropes (alcool, tabac, cannabis, autres « drogues ») chez les adolescents attirent l?attention de la santé publique et des médias depuis plus de cinq décennies. Cette attention se focalise surtout sur les pratiques à risque : on en sait moins sur les sorties et consommations ordinaires des jeunes filles et garçons. Ce livre vise à comprendre la gestion et l?inscription de ces pratiques genrées au sein des relations familiales. Si la relation de confiance apparaît comme un mode privilégié des rapports parents-adolescents, en vue de développer une autonomisation responsable des jeunes, elle se trouve aussi mise en jeu et à l?épreuve dans la négociation et l?encadrement des sorties et des consommations juvéniles. On y observe par exemple une différenciation genrée qui reflète un certain rapport au monde et à ses dangers. Ces pratiques constituent dès lors une entrée pertinente pour étudier l?autonomisation et la construction d?une vie à soi chez les jeunes, les pratiques éducatives genrées ainsi que l?échange, les non-dits et les mensonges parfois à l??uvre dans les relations familiales contemporaines. 606 $aSociology 606 $asociologie 606 $afamille 606 $aconfiance 610 $asociologie 610 $afamille 610 $aconfiance 615 4$aSociology 615 4$asociologie 615 4$afamille 615 4$aconfiance 700 $aGaussot$b Ludovic$01285670 701 $aPalierne$b Nicolas$01307183 801 0$bFR-FrMaCLE 906 $aBOOK 912 $a9910522586803321 996 $aLa confiance dans les relations familiales$93038569 997 $aUNINA